|
|
|
|
| LEADER |
01146nam a2200241 a 4500 |
| 008 |
091210s1995 nyua b 100 0 eng d |
| 020 |
|
|
|a 0897141253
|
| 040 |
|
|
|a PUL
|c PUL
|d MUU
|d BD-DhAAL
|
| 082 |
0 |
0 |
|a 304.6
|2 20
|
| 111 |
2 |
|
|a International Conference on Population and Development
|d (1994 :
|c Cairo, Egypt)
|
| 245 |
1 |
0 |
|a National perspectives on population and development :
|b synthesis of 168 national reports prepared for the International Conference on Population and Development,1994
|
| 260 |
|
|
|a New York, N.Y. :
|b UNFPA,
|c 1995
|
| 300 |
|
|
|a viii, 112 p. :
|b col. ill. ;
|c 28 cm.
|
| 500 |
|
|
|a "E/4200/1995"--P. 4 of cover.
|
| 500 |
|
|
|a Imprint from backcover.
|
| 504 |
|
|
|a Includes bibliographical references.
|
| 541 |
1 |
|
|e 00006218
|
| 650 |
|
0 |
|a Population
|x Congresses.
|
| 650 |
|
0 |
|a Population policy
|x Congresses.
|
| 710 |
2 |
|
|a United Nations Population Fund.
|
| 852 |
4 |
|
|a Ayesha Abed Library
|j General Shelf.
|
| 999 |
|
|
|c 6247
|d 6247
|
| 952 |
|
|
|0 0
|1 0
|2 ddc
|4 0
|6 304_600000000000000_NAT_1995
|7 0
|9 6278
|a BRACUL
|b BRACUL
|c GEN
|d 2009-12-20
|g 0.00
|l 0
|o 304.6 NAT
|p 3010006218
|r 2009-12-20
|t 1
|w 2009-12-20
|y BK
|x No price found in the accession register.
|